Logo BPK

Biblioteka

Politechniki Koszalińskiej

Grundlagen des Stahlbaues / (Rekord nr 14492)

Szczegóły MARC
000 -ETYKIETA REKORDU
podpole kontrolne o stałej długości 00514nam a2200205 i 4500
001 - NUMER KONTROLNY REKORDU
pole kontrolne bg
020 ## - MIĘDZYNARODOWY ZNORMALIZOWANY NUMER KSIĄŻKI - ISBN
ISBN 3540052593
040 ## - ŹRÓDŁO KATALOGOWANIA
Instytucja, która utworzyła rekord BPK
041 ## - KOD JĘZYKA
Kod języka tekstu pol
080 ## - UNIWERSALNA KLASYFIKACJA DZIESIĘTNA - UKD
UKD 624.014.2
920 ## - Międzynarodowy znormalizowany numer książki – ISBN
ISBN 3-540-05259-3
008 - POLE O STAŁEJ DŁUGOŚCI - DANE KONTROLNE
podpole kontrolne o stałej długości s pl f |000 0 pol
100 1# - NAZWA OSOBOWA
Nazwa osobowa STUSSI, Fritz
245 #0 - TYTUŁ/ODPOWIEDZIALNOŚĆ
Tytuł Grundlagen des Stahlbaues /
Pozostałe elementy strefy tytułu i oznaczenia odpowiedzialności Fritz Stüssi, Pierre Dubas.
250 ## - STREFA WYDANIA
Oznaczenie wydania 2te neubearb. Aufl.
260 ## - STREFA ADRESU WYDAWNICZEGO
Miejsce wydania Berlin :
Nazwa wydawcy/dystrybutora Springer,
Data publikacji, dystrybucji/powstania dokumentu 1971.
650 #9 - HASŁO PRZEDMIOTOWE W FORMIE NAZWY OGÓLNEJ LUB JEDNOSTKOWEJ
Nazwa ogólna lub geograficzna Konstrukcje stalowe
700 1# - HASŁO DODATKOWE - NAZWA OSOBOWA
Nazwa osobowa Dubas, Pierre
856 ## - LOKALIZACJA I DOSTĘP DO ELEKTRONICZNYCH DOKUMENTÓW ZDALNYCH
Link (URL) http://koha.tu.koszalin.pl/cgi-bin/koha/opac-detail.pl?biblionumber=14492
Tekst linku Katalog online BPK
942 ## - DODATKOWE ELEMENTY (KOHA)
Typ dokumentu Książka
Egzemplarze
Wycofany Status egzemplarza Uszkodzony Dostępność Lokalizacja stała Lokalizacja bieżąca Miejsce przechowywania Sygnatura Kod kreskowy Typ dokumentu
      Dostępny Biblioteka Politechniki Koszalińskiej Biblioteka Politechniki Koszalińskiej Wypożyczalnia BG 14149 02030579 Książka
© 2023 Biblioteka Politechniki Koszalińskiej :: KOHA